Recognize celebrities from their Instagram username - Statistics

General Stats
  • This quiz has been taken 74 times
  • The average score is 8 of 17
Answer Stats
Instagram username Profession Celebrity % Correct
@ cristiano football player Cristiano Ronaldo
91%
@ camila singer Camila Cabello
88%
@ jlo singer Jennifer Lopez
86%
@ therock actor Dwayne Johnson
78%
@ badgalriri singer Rihanna
75%
@ prattprattpratt actor Chris Pratt
72%
@ shaq basketball player Shaquille O'Neal
62%
@ champagnepapi rapper and singer Drake
54%
@ djokernole tennis player Novak Djokovic
43%
@ gisele model Gisele Bündchen
38%
@ teddysphotos singer Ed Sheeran
37%
@ honeymoon singer Lana Del Rey
34%
@ sophiet actress Sophie Turner
29%
@ rl9 football player Robert Lewandowski
17%
@ easymoneysniper basketball player Kevin Durant
14%
@ madelame actress Madelaine Petsch
11%
@ mingey actress Amanda Seyfried
6%
No matching quizzes found
Score Distribution
Percent of People with Each Score
Percentile by Number Answered
Your Score History
You have not taken this quiz